Formel 1 Podium 2008 - Statistiken

Allgemein
  • Dieses Quiz wurde 325 mal gespielt
  • Das Durchschnittsergebnis liegt bei 10 aus 14
Antwortstatistiken
Antwort % Korrekt
Lewis Hamilton
99%
Fernando Alonso
97%
Kimi Räikkonen
95%
Felipe Massa
94%
Sebastian Vettel
94%
Robert Kubica
70%
Nick Heidfeld
68%
Rubens Barrichello
65%
Nico Rosberg
63%
Heikki Kovalainen
59%
Jarno Trulli
57%
Timo Glock
55%
David Coulthard
47%
Nelson Piquet jr.
42%
Keine übereinstimmenden Quizze gefunden
Verteilung der Resultate
Anzahl Personen mit jedem Resultat
Perzentil nach korrekt beantworteten Fragen
Ihre Resultats-Entwicklung
Sie haben dieses Quiz noch nicht gespielt